| 000 | 00850nam a22002417a 4500 | ||
|---|---|---|---|
| 005 | 20240530110457.0 | ||
| 008 | 150615s2010 ua f 000 0 ara d | ||
| 017 |
_a2009/23499 _bمصر . دار الكتب المصرية |
||
| 020 | _a9789774362239 | ||
| 040 | _aEG-CaGPL | ||
| 082 | 0 | 4 |
_221 _a291.042 _bق/إ ك |
| 100 | 0 | _aاسماعيل حامد . | |
| 245 | 1 | 2 |
_aالكتب المقدسة عند الفراعنة / _cتاليف اسماعيل حامد . |
| 250 | _aط1. | ||
| 260 |
_aالقاهرة : _bمكتبة النافذة ، _c2010 . |
||
| 300 |
_a249 ص ؛ _c24 سم . |
||
| 650 | 0 | 4 | _aالديانات القديمة . |
| 650 | 0 | 4 | _aكتاب الحكمة لتحوت . |
| 650 | 0 | 4 | _aمتون الاهرام . |
| 650 | 0 | 4 | _aالحضارة الفرعونية . |
| 942 |
_2ddc _cBK |
||
| 999 |
_c61399 _d61399 |
||